000
00253nam a2200109Ia 4500
008
220204s9999 xx 000 0 und d
082
_a
82-3
_b
LEA;2
100
_a
Lear, Peter
245
0
_a
Goldengirl
260
_a
New York
_b
Ballantine
_c
1977
942
_c
BK
999
_c
35120
_d
35120